Statistics for #1 Hits i Norge i Løp av 2000-tallet Quiz

Click here to take the quiz!

General Stats

  • This quiz has been taken 63 times
  • The average score is 31 of 120

Answer Stats

#Artist/Band% Correct
2Katy Perry
98%
1Lady Gaga
98%
4Britney Spears
92%
2Rihanna
92%
3a-ha
82%
2Alexander Rybak
80%
2Beyoncé
78%
2Eminem
68%
1Shakira
62%
1Justin Timberlake
60%
2Espen Lind, Kurt Nilsen, Alejandro Fuentes og Askil Holm
58%
1Madcon
58%
2Outkast
58%
5Kurt Nilsen
54%
1U2 og Green Day
54%
1Jason Mraz
52%
1Mary J. Blige og U2
52%
1U2
52%
2Donkeyboy
50%
1Adele
48%
5Madonna
48%
1Usher
48%
1Amy Winehouse
46%
1Mika
44%
1Akon
40%
1Ravi & DJ Løv og The Monroes
40%
1Avril Lavigne
38%
1Darude
38%
1Fergie
38%
2Ravi
38%
1Crazy Frog
36%
1James Blunt
36%
1The BlackSheeps
36%
1Christina Aguilera, Lil' Kim, Mýa og P!nk
34%
2The Black Eyed Peas
34%
1Kylie Minogue
32%
1The Pussycat Dolls
32%
1Dido
28%
2Marit Larsen
28%
2O-Zone
28%
1Philip og Sandra
28%
1The Killers
28%
1Destiny's Child
26%
1Las Ketchup
26%
1Amy Diamond
24%
1Aqua
24%
1Duffy
24%
1Elvis Presley vs. JXL
24%
1Eric Prydz
24%
2Grandiosa
24%
1Maria Haukaas Storeng
24%
1Nelly Furtado
24%
1Paperboys
24%
1Sichelle
24%
1Dina
22%
1Timbaland
22%
1Afroman
20%
4Alejandro Fuentes
20%
1Bjørn Eidsvåg
20%
1Boyzvoice
20%
4Espen Lind
20%
1Scissor Sisters
20%
1Bertine Zetlitz
18%
1Bomfunk MC's
18%
1DumDum Boys
18%
1Ronan Keating
18%
1Schnappi
18%
1Anastacia
16%
1D12
16%
1Guns N' Roses
16%
1Leona Lewis
16%
1Metallica
16%
1Shaggy
16%
1Wig Wam
16%
1A1
14%
1Alek
14%
1Backstreet Boys
14%
1Crazy Town
14%
1Daddy DJ
14%
1Kjartan Salvesen
14%
1Lene Marlin
14%
1Madrugada
14%
1Meat Loaf
14%
1Melanie C
14%
1MGMT
14%
1Wyclef Jean
14%
1Scooter
12%
1Sonique
10%
1Aleksander Denstad With
8%
1Eamon
8%
2Erlend Bratland
8%
1Eve
8%
1Gaute Ormåsen
8%
1Racer
8%
1Gabriella Cilmi
6%
1Maria Arredondo
6%
1Chand Torsvik
4%
1David Pedersen
4%
1Gareth Gates
4%
1Jorun Stiansen
4%
1Kent
4%
1R.E.M.
4%
1Spin-Up
4%
1Venke Knutson
4%
1Alice DeeJay
2%
1Anne Lingan
2%
1Band Aid 20
2%
1Big Brovaz
2%
1Brian McFadden
2%
1Cape
2%
1DJ Aligator Project
2%
1Glenn Lyse
2%
1Jim Stärk
2%
1Maria Solheim og Hans Erik Dyvik Husby
2%
1Motorpsycho
2%
1Organic
2%
1William Hut
2%
1Christian Ingebrigtsen
0%
1Mia Gundersen
0%

Score Distribution

Percentile by Number Answered

Percent of People with Each Score

Your Score History

You have not taken this quiz